Psikologi perkembangan : Tahapan-tahapan dan aspek-aspeknya

Bibliographic Details
Main Author: Abubakar Baraja
Format: Book
Published: Jakarta : Studia Press , 2005
Subjects:

MARC

LEADER 00000cam a2200000 7i4500
001 0000011950
005 20080128.0
008 071121
020 |a 979376001X 
090 0 0 |a 579.8   |b ABU 
100 0 |a Abubakar Baraja 
245 1 0 |a Psikologi perkembangan :   |b Tahapan-tahapan dan aspek-aspeknya   |c Abubakar Baraja 
260 |a Jakarta :   |b Studia Press ,   |c 2005 
650 0 |a Malay fiction 
650 0 |a Motivation 
650 0 |a Physiology   |x Juvenile literature 
999 |a 0001003400   |b Book   |c Adult Collection   |e Perbadanan Perpustakaan Awam Johor 
999 |a 0001003401   |b Book   |c Adult Collection   |e Cawangan Urban Transformation Centre